How Many Times Can You Type “Hello” In 1 Minute? - Statistics

General Stats
  • This quiz has been taken 151 times
  • The average score is 61 of 100
Answer Stats
Hello % Correct
1 Hello
100%
2 Hello
99%
3 Hello
98%
4 Hello
98%
5 Hello
98%
6 Hello
98%
7 Hello
98%
8 Hello
98%
9 Hello
97%
10 Hello
96%
11 Hello
96%
12 Hello
96%
13 Hello
95%
14 Hello
95%
15 Hello
94%
16 Hello
93%
17 Hello
93%
18 Hello
92%
19 Hello
91%
20 Hello
91%
21 Hello
91%
22 Hello
90%
23 Hello
90%
24 Hello
90%
25 Hello
88%
26 Hello
86%
27 Hello
84%
28 Hello
83%
29 Hello
82%
30 Hello
81%
31 Hello
79%
32 Hello
78%
33 Hello
78%
34 Hello
78%
35 Hello
78%
36 Hello
76%
37 Hello
76%
38 Hello
75%
39 Hello
75%
40 Hello
73%
41 Hello
71%
42 Hello
71%
43 Hello
69%
44 Hello
67%
45 Hello
66%
46 Hello
65%
47 Hello
63%
48 Hello
61%
49 Hello
61%
50 Hello
60%
51 Hello
60%
52 Hello
58%
53 Hello
56%
54 Hello
54%
55 Hello
53%
56 Hello
53%
57 Hello
53%
58 Hello
51%
59 Hello
50%
60 Hello
49%
61 Hello
47%
62 Hello
47%
63 Hello
42%
64 Hello
42%
65 Hello
42%
66 Hello
41%
67 Hello
40%
68 Hello
38%
69 Hello
38%
70 Hello
36%
71 Hello
35%
72 Hello
34%
73 Hello
34%
74 Hello
34%
75 Hello
33%
76 Hello
33%
77 Hello
33%
78 Hello
32%
79 Hello
32%
80 Hello
31%
81 Hello
31%
82 Hello
31%
83 Hello
31%
84 Hello
31%
85 Hello
31%
100 Hello
31%
86 Hello
30%
87 Hello
30%
88 Hello
30%
89 Hello
30%
90 Hello
30%
91 Hello
30%
92 Hello
30%
93 Hello
30%
94 Hello
30%
95 Hello
30%
96 Hello
30%
97 Hello
30%
98 Hello
30%
99 Hello
30%
No matching quizzes found
Score Distribution
Percent of People with Each Score
Percentile by Number Answered
Your Score History
You have not taken this quiz